000 01015nam a2200289 i 4500
005 20220317001559.0
007 ta
008 210727r20152019ck a ar 000 1 spa d
020 _a9789587434842
040 _aCO-BoRNBP
_bspa
_erda
_cCO-BoRNBP
041 0 _aspa
084 _aA CUE66
100 1 _aCuéllar Serrano, Olga
_d1958-
_eautora
245 1 0 _aEscondidas
_cOlga Cuéllar
250 _aPrimera edición
_bSegunda reimpresión
264 1 _aBogotá
_bLoqueleo
_c2015
_c2019
300 _a[14] páginas sin enumerar
_bilustraciones a color
_c16 cm
336 _atexto
_btxt
_2rdacontent
337 _asin mediación
_bn
_2rdamedia
338 _avolumen
_bnc
_2rdacarrier
490 _aNidos para la lectura. Yo no leo, alguien me lee
521 _aRecomendado para un público infantil hasta 18 meses de edad
650 1 7 _aÁlbumes infantiles colombianos
_ySiglo XX
_2LEMB
650 1 7 _aLiteratura infantil colombiana
_ySiglo XX
_2LEMB
650 1 7 _aLibros ilustrados para niños
_2ARMARC
942 _2loc
_cBKLIT
999 _c7431
_d7431